I Jornadas Ibéricas de Plantas Medicinales, Aromáticas y de Aceites Esenciales, Madrid, 12-14 de julio de 1989 /
Guardado en:
| Autores Corporativos: | , |
|---|---|
| Formato: | Libro |
| Idioma: | Spanish |
| Publicado: |
Madrid :
INIA,
1992.
|
| Series: | Publicaciones del Ministerio de Agricultura, Pesca y Alimentación, Instituto Nacional de Investigación y Tecnología Agraria y Alimentaria
|
| Acceso en línea: | Acceso a la descarga gratuita del libro |
| Etiquetas: |
Agregar Etiqueta
Sin Etiquetas, Sea el primero en etiquetar este registro!
|
| LEADER | 01541cam a22002657a 4500 | ||
|---|---|---|---|
| 001 | EEA.libagro010447 | ||
| 008 | 930715s1992####sp#ab########f000#0#spa## | ||
| 005 | 20210320155159.0 | ||
| 245 | 1 | 0 | |a I Jornadas Ibéricas de Plantas Medicinales, Aromáticas y de Aceites Esenciales, Madrid, 12-14 de julio de 1989 / |c Ministerio de Agricultura, Pesca y Alimentación, Instituto Nacional de Investigación y Tecnología Agraria y Alimentaria. |
| 260 | |a Madrid : |b INIA, |c 1992. | ||
| 300 | |a 483 p. : |b il. (algunas col.), mapas ; |c 24 cm. | ||
| 490 | 1 | |a Publicaciones del Ministerio de Agricultura, Pesca y Alimentación, Instituto Nacional de Investigación y Tecnología Agraria y Alimentaria | |
| 504 | |a Incluye referencias bibliográficas. | ||
| 020 | |a 8474984114 | ||
| 111 | 2 | |a Jornadas Ibéricas de Plantas Medicinales, Aromáticas y de Aceites Esenciales |n (1st : |d 1989 : |c Madrid) | |
| 710 | 2 | |a Instituto Nacional de Investigación y Tecnología Agraria y Alimentaria (España) | |
| 740 | 0 | |a Primeras Jornadas Ibéricas de Plantas Medicinales, Aromáticas y de Aceites Esenciales, Madrid, 12-14 de julio de 1989. | |
| 740 | 0 | |a 1. Jornadas Ibéricas de Plantas Medicinales, Aromáticas y de Aceites Esenciales, 12-14 de julio de 1989. | |
| 082 | 0 | 4 | |a 581.61 |
| 082 | 0 | 4 | |a 581.946 |
| 010 | |a 93177925 | ||
| 040 | |a DLC |c DLC | ||
| 050 | 0 | 0 | |a MLCM 95/02112 (Q) |
| 856 | 4 | 1 | |3 Acceso a la descarga gratuita del libro |u http://libros.inia.es/libros/product%5Finfo.php?products%5Fid=641 |
| 859 | |a AR-BbBCA |b BIB. AGRONOMIA |h 581.61 |i J82 1 1989 |p 1993/1896 | ||
